000 00482nam a2200181Ia 4500
001 3861
005 20260306145714.0
008 260306t2016||||xx |||||||||||||| ||spa||
041 _aESP
082 _a303.69
_bC261
100 _aCobb, Sara
_eAUT
245 0 _aHablando de violencia:
_bla política y las poéticas narrativas en la resolución de conflictos
260 _c2016
300 _a381 páginas :
_c23 cm.
650 _aGEN
654 _aCHU
942 _cLIB
_dJUS
_fJUS
_2ddc
_n
999 _c3861
_d3861